000 00765nam a2200241 i 4500
001 174256
003 ES-MaACL
005 20250916063058.0
008 100317s1886 sp |||| | spa d
080 _a808.1:82
080 _a808.1:82.1
100 1 _aColl y Vehí, José,
_d1823-1876
_939647
245 1 0 _aCompendio de retórica y poética
_bo nociones elementales de literatura /
_cpor José Coll y Vehí.
246 3 0 _aNociones elementales de literatura
250 _a10ª ed.
260 _aBarcelona :
_b[s.n.],
_c1886 (
_fImp. Barcelonesa)
300 _a195 p. ;
_c18 cm.
650 0 4 _aRetórica.
_916882
650 0 4 _aPoética.
_916254
650 4 _aPreceptiva literaria.
_9150091
852 _aES-MaACL
_jD-7988
999 _c174256
_d174256